000 00857nam a2200229Ia 4500
001 10194
003 GE_BSU
008 181216s||||||||xx |||||||||||||| ||und||
040 _cGE_BSU
080 _a821.353.1.09+329.150.1
100 _aსამხარაძე,გიორგი
245 _aქართული პოეტური ლენინიანა
245 _bლენინი ქართულ პოეზიაში
245 _cრედ:ნ.აგიაშვილი;მხატვ:ლ.ქურდიანი.
260 _aთბილისი
260 _bმერანი
260 _c1970
300 _a177გვ;17სმ.
653 _aლენინი ქართულ პოეზიაში
653 _aქართული პოეტური ლენინიანა
942 _cBK
999 _c43463
_d43463